نشرة السكان و الإحصاءات الحيوية في منطقة اللجنة الإقتصادية و الإجتماعية لغربي آسيا / (رقم التسجيلة. 113887)

تفاصيل مارك
000 -LEADER
fixed length control field 00690nam a22001817a 4500
005 - DATE AND TIME OF LATEST TRANSACTION
control field 20251108174626.0
008 - FIXED-LENGTH DATA ELEMENTS--GENERAL INFORMATION
fixed length control field 250721s2006 xx 000 0 eng d
082 14 - DEWEY DECIMAL CLASSIFICATION NUMBER
Classification number R/304.6021/BUL
245 10 - TITLE STATEMENT
Title نشرة السكان و الإحصاءات الحيوية في منطقة اللجنة الإقتصادية و الإجتماعية لغربي آسيا /
264 1# - PRODUCTION, PUBLICATION, DISTRIBUTION, MANUFACTURE, AND COPYRIGHT NOTICE
Place of production, publication, distribution, manufacture نيويورك :
Name of producer, publisher, distributor, manufacturer الأمم المتحدة,
Date of production, publication, distribution, manufacture, or copyright notice 2006.
300 ## - PHYSICAL DESCRIPTION
Extent 104P.
490 0# - SERIES STATEMENT
Series statement اللجنة الاقتصادية و الاجتماعية لغربي آسيا - الإسكوا
Volume/sequential designation 9
650 17 - SUBJECT ADDED ENTRY--TOPICAL TERM
Topical term or geographic name as entry element السكان
650 17 - SUBJECT ADDED ENTRY--TOPICAL TERM
Topical term or geographic name as entry element الاحصااات
650 17 - SUBJECT ADDED ENTRY--TOPICAL TERM
Topical term or geographic name as entry element غرب اسيا
942 ## - ADDED ENTRY ELEMENTS (KOHA)
Source of classification or shelving scheme Dewey Decimal Classification
Koha item type مراجع
المقتنيات
حالة السحب حالة الفقدان مصدر التصنيف حالة التلف غير قابل للإعارة المكتبة الرئيسية المكتبة الحالية موقع الرف تاريخ التزويد الرقم المتسلسل Total Checkouts رقم الإستدعاء الباركود تاريخ آخر ظهور تاريخ الفاتورة نوع المادة (كوها)
    Dewey Decimal Classification   Not For Loan المكتبة المركزية المكتبة المركزية مراجع 28/07/2025 1216625   R/304.6021/BUL PLD00037244 28/07/2025 28/07/2025 مراجع
Implemented & Customized by: BBB with SCIT (Smart Chains for Information Technology)

Powered by Koha